000 00663nam a2200289Ia 4500
005 20260324114905.0
008 008 260324s9999 xx 000 0 eng d
020 _a9780429429903
037 _aEBOOK
040 _aCRL
040 _beng
040 _cCRL
041 _2eng
041 _aeng
084 _qCRL
100 _aLindsay Grace
_91152551
245 0 _aLove and Electronic Affection
245 2 _bA Design Primer
260 _bTaylor and Francis
260 _c2020
365 _a
365 _b240
856 _uhttp://www.taylorfrancis.com/books/9780429429903
942 _cEBOOK
999 _c1743017
_d1743017